000 01552nam a22002537a 4500
005 20260507115207.0
008 260507b |||||||| |||| 00| 0 eng d
022 _a0261-1929
040 _aMMSU
_cULS
210 _aATLA
222 _aAlternatives to Laboratory Animals
245 _aATLA :
_bAlternatives to Laboratory Animals
260 _aLondon:
_bSage Publications,
_c2025-
300 _avolumes ;
_c28 cm.
310 _aSix times a year.
362 _aVolume 53, Number 2 (March 2025- )
500 _aATLA is a peer-reviewed journal, intended to cover all aspects of the development, validation, implementation and use of alternatives to laboratory animals in biomedical research and toxicity testing. In addition to the replacement of animals, it also covers work that aims to reduce the number of animals used and refine the in vivo
505 _tReviewing Current Guidance for the ‘R’ of Replacement and Rethinking it with the ‘Replacement Checklist’ (pp. 72–83) /
_rJuliet P. Dukes, Amy Beale, and Celean Camp
505 _tAn Approach to Setting Vertebrate Animal-use Benchmarks for Agrochemical and GM Crop Testing to Facilitate Future Animal Reduction Efforts (pp. 84–97) /
_rJoseph Henriquez, Matthew Merrell, […], and Sean Gehen
505 _t20 Years of Providing Custom Non-Animal-Derived Antibodies — A Review (pp. 168–174) /
_rJohn Cardone and Achim Knappik.
650 _aBiomedical research
_vPeriodicals
650 _aAnimals as alternatives in laboratoies
_vPeriodicals
942 _2lcc
_cSERIALS
999 _c29094
_d29094